Countries currently with Nationalist Governments - Statistics

General Stats
  • This quiz has been taken 181 times
  • The average score is 22 of 37
Answer Stats
Hint Answer % Correct
24 Russia
93%
7 China
89%
30 Turkey
80%
13 India
76%
20 North Korea
75%
3 Belarus
74%
12 Hungary
74%
21 Pakistan
73%
29 Syria
72%
35 Vietnam
72%
23 Poland
71%
16 Laos
69%
25 Serbia
69%
4 Brazil
68%
14 Israel
68%
15 Kazakhstan
67%
2 Azerbaijan
66%
6 Cambodia
66%
34 Venezuela
66%
8 Cuba
64%
31 Turkmenistan
63%
18 Myanmar
62%
33 Uzbekistan
62%
29 Tajikistan
61%
17 Mexico
56%
1 Algeria
55%
22 Philippines
46%
36 Zimbabwe
44%
9 Czech Republic
40%
10 Eritrea
40%
28 Sri Lanka
40%
32 Uganda
40%
26 Slovenia
39%
19 Nicaragua
38%
5 Burundi
37%
27 South Sudan
36%
11 Guinea-Bissau
21%
No matching quizzes found
Score Distribution
Percent of People with Each Score
Percentile by Number Answered
Your Score History
You have not taken this quiz